000 00803nam a2200193 a 4500
008 061116s2005 xx |||||||||||||| || u
050 _aTHE/NDA/SBE/34/2005
100 _aNdabane, Manda
245 1 0 _aEvaluation of the performance of bitumen against cement stabilised gravel base
_cthesis supervised by Patrick Banda
246 _aa case study of Munali Hill - Mazabuka Road
260 _a
_bSchool of Built Environment, Department of Civil Engineering and Construction
_c2005
350 _a0.00
650 _aBITUMINOUS MATERIALS
650 _aBITUMEN
650 _aCEMENT
650 _aCIVIL ENGINEERING
650 _aENGINEERING
995 _D0.00
_FCBU-MAIN LIBRARY (Kitwe)
_H1
_I0.00
_M1
_UAVAILABLE
_WNov 16, 2006
_ZUniversity Collection
999 _c42722
_d42722